Films de Maïwenn par images - Statistiques

Statistiques générales
  • Ce quiz a été pris 167 fois
  • Le résultat moyen est 3 sur 6
Statistiques - réponses
Par images Réponse % Correct
Polisse
96%
Mon roi
65%
Jeanne du Barry
57%
ADN
25%
Le Bal des actrices
25%
Pardonnez-moi
11%
Aucun quiz correspondant
Distribution des résultats
% des personnes avec chaque résultat
Percentile par nombre de réponses
Votre historique - résultats
Vous n’avez pas pris ce quiz